000 00558nam a2200217Ia 4500
003 GCL
008 140319s9999 xx 000 0 eng d
040 _aGCL /
_cGCL
082 0 4 _a612.399
_bR V
100 1 _aRAITEN, DANIEL J.
245 1 0 _aVITAMIN B-6 METABOLISM IN PREGNANCY, LACTATION, AND INFANCY /
_cRAITEN, DANIEL J.
260 _a[S.N] :
_bCRC PRESS ،
_c1995
300 _a201
650 0 4 _aNUTRITION
650 0 4 _aPREGNANCY
650 0 4 _aVITAMINS
650 0 4 _aINFANTS
650 0 4 _aVITAMIN B-6
650 0 4 _aLACTATION
942 _2ddc
_cBK
999 _c25484
_d25484